000 00278nam a2200109Ia 4500
008 240625s9999 xx 000 0 und d
041 _aeng
082 _a332.64 WEB
100 _aWEBBER NICK
245 _aIMPLEMENTING MODELS OF FINANCIAL DERIVATIVES OBJECT ORIE
260 _c2011
999 _c34836
_d34836